000 00356nam a2200145Ia 4500
008 210210b1993 xxu||||| |||| 00| 0 eng d
082 _a813.54 KENS
100 _aKENEALLY (Thomas).
245 _aSchindler's list.
260 _aN Y
_bSimon & Schuster
_c1993
300 _a398
650 _aFiction
690 _aAmerican English Fiction
906 _a048200
999 _c96973
_d96973